[Event "Niedersachsen-ch op C"]
[Site "Verden"]
[Date "2019.01.06"]
[Round "7"]
[White "Kumas, Alina"]
[Black "Fink, Moritz"]
[Result "1/2-1/2"]
[WhiteElo "1292"]
[BlackElo "1281"]
[PlyCount "102"]
[EventDate "2019.01.03"]
[EventType "swiss"]
[EventRounds "7"]
[EventCountry "GER"]
[SourceTitle "EXT 2022"]
[Source "ChessBase"]
[SourceDate "2021.10.06"]
[SourceVersion "1"]
[SourceVersionDate "2021.10.06"]
[SourceQuality "1"]

1. e4 e5 2. Nf3 Nc6 3. d4 exd4 4. Nxd4 Nf6 5. Nxc6 bxc6 6. Nc3 d5 7. Bg5 Be7 8. Bxf6 Bxf6 9. Qf3 dxe4 10. Qxe4+ Qe7 11. Bd3 0-0 12. Kd2 Bg5+ 13. Kd1 Qxe4 14. Bxe4 Bb7 15. Re1 Rad8+ 16. Bd3 Ba6 17. Ke2 Bxd3+ 18. cxd3 g6 19. Rad1 Rb8 20. b3 Rfe8+ 21. Kf1 Rxe1+ 22. Kxe1 Re8+ 23. Kf1 f5 24. Ne2 c5 25. g3 Kf7 26. Nc3 c6 27. Na4 Be7 28. Rc1 Rd8 29. Ke2 Rd5 30. f4 Ke6 31. Ke3 g5 32. Re1 h6 33. Rc1 Kf7 34. Rc4 Bf6 35. Nxc5 Bd4+ 36. Rxd4 Rxc5 37. Kd2 Ke7 38. a4 a5 39. fxg5 hxg5 40. h4 gxh4 41. gxh4 Kf6 42. Rd6+ Ke7 43. Rd4 Kf6 44. b4 axb4 45. Rxb4 Ra5 46. Ke3 Kg6 47. Kf4 Kh5 48. Kg3 Rd5 49. d4 c5 50. dxc5 Rxc5 51. Kf4 Kxh4 1/2-1/2

[Event "Niedersachsen-ch op C"]
[Site "Verden"]
[Date "2019.01.05"]
[Round "5"]
[White "Glander, Flurina"]
[Black "Kumas, Alina"]
[Result "0-1"]
[WhiteElo "853"]
[BlackElo "1292"]
[PlyCount "34"]
[EventDate "2019.01.03"]
[EventType "swiss"]
[EventRounds "7"]
[EventCountry "GER"]
[SourceTitle "EXT 2022"]
[Source "ChessBase"]
[SourceDate "2021.10.06"]
[SourceVersion "1"]
[SourceVersionDate "2021.10.06"]
[SourceQuality "1"]

1. e4 e5 2. Nf3 Nc6 3. Bc4 Nf6 4. Nc3 Nxe4 5. Nxe4 d5 6. Nf6+ gxf6 7. Bb3 Bg4 8. 0-0 Qd7 9. h3 Bh5 10. d3 Rg8 11. c3 Qxh3 12. g3 0-0-0 13. Qe2 Bc5 14. Be3 d4 15. Bd2 dxc3 16. bxc3 Qxg3+ 17. Kh1 Qg2# 0-1

[Event "Niedersachsen-ch op C"]
[Site "Verden"]
[Date "2019.01.04"]
[Round "3"]
[White "Sauer, Tim"]
[Black "Kumas, Alina"]
[Result "1-0"]
[WhiteElo "1499"]
[BlackElo "1292"]
[PlyCount "61"]
[EventDate "2019.01.03"]
[EventType "swiss"]
[EventRounds "7"]
[EventCountry "GER"]
[SourceTitle "EXT 2022"]
[Source "ChessBase"]
[SourceDate "2021.10.06"]
[SourceVersion "1"]
[SourceVersionDate "2021.10.06"]
[SourceQuality "1"]

1. c4 c5 2. Nf3 Nf6 3. g3 Nc6 4. Bg2 d5 5. cxd5 Nxd5 6. Nc3 Nf6 7. 0-0 e5 8. d3 h6 9. b3 Be7 10. Bb2 0-0 11. Rc1 b6 12. Nxe5 Nxe5 13. Bxa8 Bg4 14. Bg2 Qc8 15. Nd5 Nxd5 16. Bxd5 Qd7 17. Bg2 Ng6 18. Re1 Bg5 19. f4 Bd8 20. Bf3 Bf5 21. e4 Bh3 22. d4 Be7 23. f5 Nh8 24. g4 Rd8 25. Qd3 Bf6 26. e5 Bxe5 27. Rxe5 cxd4 28. Be2 Bxg4 29. Bxg4 Qd6 30. Rce1 Kf8 31. Qb5 1-0

[Event "Niedersachsen-ch op C"]
[Site "Verden"]
[Date "2018.01.05"]
[Round "3"]
[White "Tyben, Lukas"]
[Black "Kumas, Alina"]
[Result "1-0"]
[WhiteElo "1015"]
[BlackElo "1062"]
[PlyCount "33"]
[EventDate "2018.01.04"]
[EventType "swiss"]
[EventRounds "7"]
[EventCountry "GER"]
[SourceTitle "EXT 2022"]
[Source "ChessBase"]
[SourceDate "2021.10.06"]
[SourceVersion "1"]
[SourceVersionDate "2021.10.06"]
[SourceQuality "1"]

1. e4 e5 2. Nc3 Nf6 3. Nf3 Nc6 4. Bc4 Nxe4 5. Nd5 a6 6. d4 b5 7. Bd3 Nf6 8. Nxf6+ Qxf6 9. Qe2 Bd6 10. Be4 Bb7 11. Bg5 Qxg5 12. Nxg5 Nxd4 13. Qd3 Bxe4 14. Nxe4 Be7 15. c3 Nc6 16. b4 0-0 17. Qxd7 1-0

[Event "Niedersachsen-ch op-D"]
[Site "Verden"]
[Date "2017.01.05"]
[Round "1"]
[White "Lambrecht, Harald"]
[Black "Kumas, Alina"]
[Result "1-0"]
[WhiteElo "1400"]
[BlackElo "845"]
[PlyCount "31"]
[EventDate "2017.01.05"]
[EventType "swiss"]
[EventRounds "7"]
[EventCountry "GER"]
[SourceTitle "CBM 187 Extra"]
[Source "ChessBase"]
[SourceDate "2018.11.04"]
[SourceVersion "1"]
[SourceVersionDate "2018.11.04"]
[SourceQuality "1"]

1. d4 d5 2. Nf3 Nc6 3. c4 dxc4 4. e4 Bg4 5. d5 Ne5 6. Qa4+ c6 7. Nxe5 b5 8. Qa6 cxd5 9. Nxg4 d4 10. Qxb5+ Qd7 11. Qxd7+ Kxd7 12. Ne5+ Kd6 13. Bxc4 Rc8 14. 0-0 e6 15. Rd1 f6 16. Rxd4+ 1-0